000 01019 a2200445 4500
000 BKB
001 136582
005 20200902153049.0
008
010 _a
020 _a9780566091766
082 _a658.4092
_bH49C
100 1 _aHewison, Robert
110 _a
245 1 _aThe culture leadership handbook : how to run a creative organization
_cby Robert Hewison and John Holden
250 _a
260 _aSurrey
_bGower publishing
_c2011
300 _a211p.
490 _a
_v
500 _a
600 _a
610 _a
611 _a
630 _aManagement
650 _a
651 _a
654 _a
690 _aLeadership; Culture and globalization; Creative ability; Information technology-Social aspects
700 _aHolden, John
_b
_c
710 _a
_b
_c
711 _a
720 _a
730 _a
740 _a
752 _a
856 _a
_d
_f
904 _a
964 _a
_b
_c
_d
_e
_f
_g
965 _a
999 _c9783
_d9783